| 000 | 00928nam a2200217Ii 4500 | ||
|---|---|---|---|
| 003 | JO-AjNU | ||
| 008 | 230605s9999||||xx |||||||||||||| ||und|| | ||
| 017 | _a2013/6/1851 | ||
| 020 | _a978-9957-49-038-6 | ||
| 040 |
_aJO-AjNU _bara _erda _cJO-AjNU |
||
| 041 | _aara | ||
| 050 | 1 | 4 | _aDS154.2 2013 |
| 100 | 3 |
_aالخطاطبة، محمد فاضل, _eauthor _949430 |
|
| 245 | 0 | 0 | _aالجبهة الشرقية الرومانية في الأردن من القرن الثاني الميلادي وحتى الفتح الإسلامي 106م-634م |
| 264 | 3 | 1 | _aعمان: وزارة الثقافة، 2013 |
| 300 |
_a445ص _bاصدارات عجلون مدينة الثقافة الاردنية، 2013، خرائط وصور توضيحية |
||
| 336 |
_atext _btxt _2rdacontent |
||
| 337 |
_aunmediated _bn _2rdamedia |
||
| 338 |
_avolume _bnc _2rdacarrier |
||
| 650 | 4 |
_aالاردن-تاريخ قديم، الاردن اثار _949431 |
|
| 999 |
_aA21710 _c25278 _d25278 |
||